Statistics for Dua Lipa - Houdini All Lyrics

Click here to take the quiz!

General Stats

  • This quiz has been taken 155 times
  • The average score is 264 of 320

Answer Stats

Answer% Correct
go
99%
I
99%
a
98%
and
98%
Houdini
98%
me
98%
come
96%
Come
96%
you
96%
Catch
95%
the
94%
or
93%
to
91%
for
88%
so
88%
Tell
88%
way
87%
all
85%
need
85%
her
83%
I'm
83%
ways
83%
here
80%
not
80%
is
79%
long
79%
do
78%
Do
78%
Time
78%
be
77%
please
77%
like
76%
right
74%
say
74%
it
73%
They
72%
baby
71%
eclipse
71%
got
71%
solar
71%
your
71%
knows
70%
Everybody
69%
If
69%
passin'
67%
find
65%
make
65%
that
64%
See
63%
one
62%
stay
62%
don't
61%
lips
61%
Prove
61%
you're
61%
kiss
60%
It's
59%
blow
58%
could
58%
are
57%
everythin'
57%
good
57%
Maybe
56%
Okay
56%
think
56%
change
55%
day
55%
enough
55%
let
55%
watchin'
55%
night
54%
readin'
54%
girl
53%
about
52%
But
52%
closer
52%
moment
52%
practise
51%
preach
51%
you'll
51%
sweet
50%
believe
49%
cause
49%
give
49%
in
49%
slip
45%
Everything
43%
soundin'
42%
something
36%
that'll
27%

Score Distribution

Percentile by Number Answered

Percent of People with Each Score

Your Score History

You have not taken this quiz